Derecho individual del trabajo

Uloženo v:
Podrobná bibliografie
Hlavní autor: Etcheberry Parés, Francoise (Autor)
Médium: Kniha
Jazyk:španělština
Vydáno: Santiago Legal Publishing 2009
Vydání:1a. ed
Edice:Manuales
Témata:
Tagy: Přidat tag
Žádné tagy, Buďte první, kdo vytvoří štítek k tomuto záznamu!

MARC

LEADER 00000nam a2200000 a 4500
001 UCH4852
003 CL-VaPUC
008 090910e20090000CL |||||||||||||||||spa|d
020 |a 9789562388252 
082 0 4 |a 344.8301  |b ETC  |2 21 
100 0 |a Etcheberry Parés, Francoise  |e author  |9 540816 
245 1 0 |a Derecho individual del trabajo 
250 |a 1a. ed 
300 |a 225 p 
942 |c BK 
945 |d 20090910 00:00:00  |a rbrito 
260 |a Santiago  |b Legal Publishing  |c 2009 
650 7 |a DERECHO LABORAL  |2 CL-VaPUC  |9 15 
650 0 |a Código del trabajo  |9 255479 
650 7 |a CONTRATO INDIVIDUAL DE TRABAJO  |2 CL-VaPUC  |9 388463 
650 0 |a Término del contrato de trabajo  |9 388598 
650 7 |a DESPIDO LABORAL  |2 CL-VaPUC  |9 335326 
650 7 |a SEGURO DE DESEMPLEO  |2 CL-VaPUC  |9 417044 
583 |a last modification  |c 20170803 10:50:52  |k Rodrigo Vera 
490 0 |a Manuales 
999 |c 336104  |d 336102 
952 |0 0  |1 0  |4 0  |6 344_830100000000000_ETC_2009  |7 0  |8 A  |9 427040  |a BIBDER  |b BIBDER  |d 2019-11-22  |i 459990K  |o 344.8301 ETC 2009  |p 459990K  |r 2023-01-25  |w 2019-11-22  |y BK  |k DER